Reduction & Control of Internal Shared Services for Cummins Emission Solutions India & Cummins Exhaust India Limited (Record no. 97216)

MARC details
000 -LEADER
fixed length control field 00465nam a2200145Ia 4500
008 - FIXED-LENGTH DATA ELEMENTS--GENERAL INFORMATION
fixed length control field 230128s9999 xx 000 0 und d
041 ## - LANGUAGE CODE
Language code of text/sound track or separate title eng
082 ## - DEWEY DECIMAL CLASSIFICATION NUMBER
Classification number BAR PR0435
Item number BAR
100 ## - MAIN ENTRY--PERSONAL NAME
Personal name Baride Arya V - 2K91011
9 (RLIN) 118918
245 ## - TITLE STATEMENT
Title Reduction & Control of Internal Shared Services for Cummins Emission Solutions India & Cummins Exhaust India Limited
260 ## - PUBLICATION, DISTRIBUTION, ETC. (IMPRINT)
Date of publication, distribution, etc. 2011
Name of publisher, distributor, etc. Pune University
Place of publication, distribution, etc. Pune
300 ## - PHYSICAL DESCRIPTION
Extent 57p
502 ## - DISSERTATION NOTE
Name of granting institution Parchure Sonali

No items available.